000 01569pab a2200169 454500
008 180718b2015 xxu||||| |||| 00| 0 eng d
100 _aWitesman, Eva M.
245 _aModeling public decision preferences using context-specific value hierarchies
260 _c2015
300 _ap.86-105.
362 _aJan
520 _aAlthough a universal hierarchy of public values has proven elusive, the literature in individual-level values suggests that decision makers do organize their personal values into hierarchies based on context. Through analysis of public values and public decision preferences gathered in a pilot study of city-level public administrators (n = 182), we use an empirical approach to identify context-relevant public values for five different decision contexts. We then demonstrate multiple possible approaches to modeling individual- and community-level policy preferences based on value hierarchies derived from the individual-level data. We find that the predictions based on value hierarchies are better than would be predicted in the absence of such hierarchies, and that these differences are statistically significant. These findings suggest that while creating a universal hierarchy of values remains challenging, context-relevant public value hierarchies at smaller units of analysis may be useful in describing, predicting, and explaining the decisions of public administrators. - Reproduced,.
650 _aDecision making
700 _aWalters, Lawrence C.
773 _aAmerican Review of Public Administration
909 _a107722
999 _c107717
_d107717